000 01042cam a22002774a 4500
005 20250605164228.0
008 250528s ||||||||||||||||||||||||d
035 _a20919
020 _a9786180305289
040 _aGR-AtMCL
_bgre
_dGR-AtMCL
_eAACR2
245 1 _aΤα Φυλλαράκια της Γλώσσας / Για παιδιά προσχολικής και πρωτοσχολικής ηλικίας
300 _a48
520 _aΑπό τους Συντάκτες του Elniplex... το παιδί στο επίκεντρο.
700 1 _aΑνδρικοπούλου Κατερίνα
_96904
700 1 _aΒαρδάκα Φωτεινή
_96905
700 1 _aΔενδρή Χρυσάνθη
_96906
700 1 _aΚολόμβου Ανέζα
_96907
700 1 _aΜπιρμπίλη Μαίρη
_96908
700 1 _aΠάππος Απόστολος
_96909
700 1 _aΠαρασκευά Καίτη
_96910
700 1 _aΠουρή Δώρα
_96911
942 _cBK
260 _bΜεταίχμιο
999 _c5996
_d5996